000
00326pam a2200157a 44500
008
230515b1978 xxu||||| |||| 00| 0 eng d
020
_a
NULL
041
_a
MARATHI
082
_a
1
100
_a
KHEMRAJ
245
_a
BHAVPRAKASH
250
_a
1
260
_a
SANGAI
_b
N.D.
_c
1978
300
_a
100
650
_a
BHAVPRAKASH
999
_c
497017
_d
497017